Nimf uit die branders / (Record no. 796573)

MARC details
000 -LEADER
fixed length control field 00578nam a22001937b 4500
003 - CONTROL NUMBER IDENTIFIER
control field 3228
005 - DATE AND TIME OF LATEST TRANSACTION
control field 20260415144521.0
008 - FIXED-LENGTH DATA ELEMENTS--GENERAL INFORMATION
fixed length control field 260415b sa ||||e |||| 00| 1 AFR d
020 ## - INTERNATIONAL STANDARD BOOK NUMBER
International Standard Book Number 0628022670 (hardback)
040 ## - CATALOGING SOURCE
Original cataloging agency MPL
Language of cataloging eng
Transcribing agency 3228
Description conventions Resource Description and Access
041 ## - LANGUAGE CODE
Language code of text/sound track or separate title Afrikaans
082 #0 - DEWEY DECIMAL CLASSIFICATION NUMBER
Classification number AF VANS
100 ## - MAIN ENTRY--PERSONAL NAME
9 (RLIN) 123366
Personal name Van Schalkwyk, H.L.
Relator term author
245 ## - TITLE STATEMENT
Title Nimf uit die branders /
Statement of responsibility, etc. Author: H.L van Schalkwyk ; + Dust cover: B. Jonker
250 ## - EDITION STATEMENT
Edition statement First edition
260 ## - PUBLICATION, DISTRIBUTION, ETC.
Place of publication, distribution, etc. Johannesburg
Name of publisher, distributor, etc. Klub Dagbreek
Date of publication, distribution, etc. © 1982
300 ## - PHYSICAL DESCRIPTION
Extent 157 pages :
Other physical details jacket ;
Dimensions 21 cm
942 ## - ADDED ENTRY ELEMENTS
Source of classification or shelving scheme Dewey Decimal Classification
item type Books
-- 245
-- Izakina Blanche
-- 245
-- Izakina Blanche
Holdings
Withdrawn status Lost status Source of classification or shelving scheme Damaged status Not for loan Collection code Home library Current library Shelving location Date acquired Total Checkouts Full call number Barcode Date last seen Price effective from item type Public note
    Dewey Decimal Classification     Fiction Middelburg Regional Library Jeremiah Madonsela Public Library Fiction 15.04.2026   AF VANS 33228018080844 15.04.2026 15.04.2026 Books 61371647